|
|
|
|
| LEADER |
02203nam a2200589 4500 |
| 001 |
ocn894509624 |
| 003 |
OCoLC |
| 005 |
20170124071244.2 |
| 006 |
m o d |
| 007 |
cr cnu|||unuuu |
| 008 |
141105s2014 enk ob 001 0 eng d |
| 040 |
|
|
|a N$T
|b eng
|e rda
|e pn
|c N$T
|d EBLCP
|d N$T
|d DG1
|d IDEBK
|d YDXCP
|d CDX
|d OCLCF
|d DEBSZ
|d OCLCQ
|d COO
|d OCLCQ
|d DG1
|d GrThAP
|
| 020 |
|
|
|a 9781119054221
|q (electronic bk.)
|
| 020 |
|
|
|a 1119054222
|q (electronic bk.)
|
| 020 |
|
|
|a 9781119054276
|q (electronic bk.)
|
| 020 |
|
|
|a 1119054273
|q (electronic bk.)
|
| 020 |
|
|
|z 9781848217850
|
| 020 |
|
|
|a 1848217854
|
| 020 |
|
|
|a 9781848217850
|
| 029 |
1 |
|
|a CHBIS
|b 010442198
|
| 029 |
1 |
|
|a CHVBK
|b 334085950
|
| 029 |
1 |
|
|a DEBSZ
|b 431817456
|
| 029 |
1 |
|
|a NZ1
|b 16077404
|
| 029 |
1 |
|
|a DEBSZ
|b 449461785
|
| 035 |
|
|
|a (OCoLC)894509624
|
| 050 |
|
4 |
|a QD541
|
| 072 |
|
7 |
|a SCI
|x 013050
|2 bisacsh
|
| 082 |
0 |
4 |
|a 541.34
|2 23
|
| 049 |
|
|
|a MAIN
|
| 100 |
1 |
|
|a Prud'homme, Roger,
|e author.
|
| 245 |
1 |
0 |
|a Flows and chemical reactions in heterogeneous mixtures /
|c Roger Prud'homme.
|
| 264 |
|
1 |
|a London :
|b John Wiley and Sons, Inc.,
|c 2014.
|
| 300 |
|
|
|a 1 online resource.
|
| 336 |
|
|
|a text
|b txt
|2 rdacontent
|
| 337 |
|
|
|a computer
|b c
|2 rdamedia
|
| 338 |
|
|
|a online resource
|b cr
|2 rdacarrier
|
| 490 |
1 |
|
|a Fluid mechanics series
|
| 504 |
|
|
|a Includes bibliographical references and index.
|
| 588 |
0 |
|
|a Online resource; title from EPUB title page (EBSCO, viewed November 13, 2014).
|
| 650 |
|
0 |
|a Mixtures.
|
| 650 |
|
0 |
|a Flow chemistry.
|
| 650 |
|
0 |
|a Chemical reactions.
|
| 650 |
|
7 |
|a SCIENCE
|x Chemistry
|x Physical & Theoretical.
|2 bisacsh
|
| 650 |
|
7 |
|a Chemical reactions.
|2 fast
|0 (OCoLC)fst00853176
|
| 650 |
|
7 |
|a Flow chemistry.
|2 fast
|0 (OCoLC)fst01909570
|
| 650 |
|
7 |
|a Mixtures.
|2 fast
|0 (OCoLC)fst01024157
|
| 655 |
|
4 |
|a Electronic books.
|
| 655 |
|
0 |
|a Electronic books.
|
| 776 |
0 |
8 |
|i Print version:
|a Prud'homme, Roger.
|t Flows and chemical reactions in heterogeneous mixtures.
|d Hoboken, New Jersey : ISTE Ltd/John Wiley and Sons Inc, 2014
|z 9781848217850
|w (DLC)18291293
|
| 830 |
|
0 |
|a Fluid mechanics series.
|
| 856 |
4 |
0 |
|u https://doi.org/10.1002/9781119054221
|z Full Text via HEAL-Link
|
| 994 |
|
|
|a 92
|b DG1
|